Expert BTD6 Quiz - Statistics

General Stats
  • This quiz has been taken 2,474 times
  • The average score is 8 of 15
Answer Stats
Question Answer % Correct
What is the name of the boomerang monkey paragon? Glaive Dominus
85%
What happenes when you beat every gamemode on one map? A Black Border
79%
Which hero transforms when you upgrade to the VTSG? Adora
77%
Which was the first boss fight added to the game? Bloonarius
77%
How much money do you have to spend per monkey type to make a VTSG? (monkey type means Primary, Military, Magic, and Support) 50,000
74%
What is the name of the T5 upgrade for the bottom path dartling gunner? (005, XX5) Bloon Exclusion Zone
74%
What does BTD6 stand for? Bloons Tower Defense 6
74%
How many games are there in an easy odyssey? 3
58%
Which was the first paragon added with an activated ability? Navarch Of The Seas
58%
How much monkey money does it cost for a Glue Trap? 50
55%
How much money does it cost to buy 4 Race Passes? $3.99
35%
What is the third item in Geraldo's shop? Creepy Idol
30%
How many Support monkey knowledge points are there? 21
29%
What is the name of the achievement you get after playing 50 games with monkey teams? Team Captain
26%
What is the max amount of paragons aloud per game? 4
7%
No matching quizzes found
Score Distribution
Percent of People with Each Score
Percentile by Number Answered
Your Score History
You have not taken this quiz